| 000 | 01956cam a22004214i 4500 | ||
|---|---|---|---|
| 003 | PE-LiUPU | ||
| 005 | 20250731183443.0 | ||
| 008 | 150706s2008 r 000 0 d | ||
| 020 | _a9789505503308 | ||
| 035 | _a(Sirsi) i9789505503308 | ||
| 040 |
_aPE-LiUPU _bspa _cPE-LiUPU _erda |
||
| 049 | _aPRUA | ||
| 082 | 0 | 4 |
_a700.7 _bN93 _221 |
| 100 | 1 |
_aNun de Negro, Berta, _eautor. |
|
| 245 | 1 | 4 |
_aLos proyectos de arte : _benfoque metodológico en la enseñanza de las artes plásticas en el sistema escolar. |
| 264 | 1 |
_aBuenos Aires : _bMagisterio del Río de la Plata, _c2008. |
|
| 300 |
_a206 páginas : _bilustraciones ; _c26 cm. |
||
| 336 |
_atext _2rdacontent |
||
| 337 |
_aunmediated _2rdamedia |
||
| 338 |
_avolume _2rdacarrier |
||
| 490 | 0 | _aRespuestas educativas | |
| 504 | _aIncluye bibliografía. | ||
| 505 | 0 | _aLa educación artística analizada en diversos congresos internacionales -- La educación plástica hoy -- Los proyectos de arte como propuesta metodológica en la enseñanza de las artes plásticas -- Experiencias individuales, experiencias grupales limitadas y grupales extendidas -- Lectura y cultura visual -- Marco teórico para le lectura de imágenes -- Las visitas a los museos de arte. | |
| 526 | _aP158 | ||
| 526 | _aP146 | ||
| 526 | _aP17 | ||
| 526 | _aP12 | ||
| 526 | _aP06 | ||
| 541 | _g001-0037504; | ||
| 650 | 0 | 4 | _aEducación artística. |
| 700 | 1 |
_aStarico de Accomo, Mabel N., _edir. |
|
| 910 |
_agl _clch _d20130926 |
||
| 942 |
_2ddc _cBOOK |
||
| 949 |
_a700.7 N93 _wDEWEY _c1 _i68330 _lCCODEBUL1 _mBUL _p28.00 _r0 _sY _tBOOK _u2015-7-6 _xEDUCACION _PP20 _o.STAFF. Colección General |
||
| 994 |
_aC0 _bPEPRU |
||
| 596 | _a1 | ||
| 999 |
_a700.7 N93 _wDEWEY _c55734 _i68330 _f2021-11-8 _g7 _lCCODEBUL1 _mBUL _p28.00 _r0 _sY _tBOOK _u2015-7-6 _xEDUCACION _PP20 _0COMPRA _o.STAFF. Colección Ingenieria y Arquitectura _d55734 |
||
| 980 |
_81 _gALBERTO SANCHEZ Responsable de Automatización |
||